| Tag |
First Indicator |
Second Indicator |
Subfields |
| LEADER |
00000cam a2200000Ma 4500 |
| 001 |
in00004635137 |
| 006 |
m o d |
| 007 |
cr |n||||||||| |
| 008 |
170505s2016 xx o 000 0 eng d |
| 005 |
20230103223410.0 |
| 035 |
|
|
|a (OCoLC)ocn985771903
|
| 040 |
|
|
|a IDEBK
|b eng
|e pn
|c IDEBK
|d TEFOD
|d OCLCO
|d IDEBK
|d OCLCQ
|d OCLCF
|d JSTOR
|d OCLCO
|
| 019 |
|
|
|a 986067872
|
| 020 |
|
|
|a 1941269079
|q (electronic bk.)
|
| 020 |
|
|
|a 9781941269077
|q (electronic bk.)
|
| 020 |
|
|
|a 9781941269084
|q (electronic bk.)
|
| 020 |
|
|
|a 1941269087
|q (electronic bk.)
|
| 035 |
|
|
|a (OCoLC)985771903
|z (OCoLC)986067872
|
| 037 |
|
|
|a 1006212
|b MIL
|
| 037 |
|
|
|a 2FBE3633-9F78-4BC6-9587-C7199F830E42
|b OverDrive, Inc.
|n http://www.overdrive.com
|
| 037 |
|
|
|a 22573/ctv15wdg70
|b JSTOR
|
| 043 |
|
|
|a n-us---
|
| 050 |
|
4 |
|a Z672
|
| 072 |
|
7 |
|a LAN
|x 025040
|2 bisacsh
|
| 082 |
0 |
4 |
|a 020
|2 23
|
| 049 |
|
|
|a TXAM
|
| 100 |
1 |
|
|a Bernhardt, Beth R.
|
| 245 |
1 |
0 |
|a Where Do We Go From Here?.
|
| 260 |
|
|
|a [Place of publication not identified] :
|b Purdue University Press,
|c 2016.
|
| 300 |
|
|
|a 1 online resource (653)
|
| 336 |
|
|
|a text
|b txt
|2 rdacontent
|
| 337 |
|
|
|a computer
|b c
|2 rdamedia
|
| 338 |
|
|
|a online resource
|b cr
|2 rdacarrier
|
| 588 |
0 |
|
|a Print version record.
|
| 650 |
|
0 |
|a Libraries
|x Information technology
|v Congresses.
|
| 650 |
|
0 |
|a Library administration
|v Congresses.
|
| 650 |
|
0 |
|a Electronic information resources
|x Management
|v Congresses.
|
| 650 |
|
0 |
|a Communication in learning and scholarship
|v Congresses.
|
| 650 |
|
0 |
|a Library users
|v Congresses.
|
| 650 |
|
0 |
|a Use-driven acquisitions (Libraries)
|v Congresses.
|
| 650 |
|
0 |
|a Acquisitions (Libraries)
|v Congresses.
|
| 650 |
|
0 |
|a Collection management (Libraries)
|v Congresses.
|
| 650 |
|
0 |
|a Library science
|z United States
|v Congresses.
|
| 650 |
|
0 |
|a Library science
|v Congresses.
|
| 650 |
|
6 |
|a Bibliothèques
|x Technologie de l'information
|v Congrès.
|
| 650 |
|
6 |
|a Bibliothèques
|x Administration
|v Congrès.
|
| 650 |
|
6 |
|a Sources d'information électroniques
|x Gestion
|v Congrès.
|
| 650 |
|
6 |
|a Communication savante
|v Congrès.
|
| 650 |
|
6 |
|a Usagers des bibliothèques
|v Congrès.
|
| 650 |
|
6 |
|a Acquisitions initiées par les usagers (Bibliothèques)
|v Congrès.
|
| 650 |
|
6 |
|a Acquisitions (Bibliothèques)
|v Congrès.
|
| 650 |
|
6 |
|a Gestion des collections (Bibliothèques)
|v Congrès.
|
| 650 |
|
6 |
|a Bibliothéconomie
|v Congrès.
|
| 650 |
|
7 |
|a LANGUAGE ARTS & DISCIPLINES / Library & Information Science / Collection Development
|2 bisacsh
|
| 650 |
|
7 |
|a Acquisitions (Libraries)
|2 fast
|0 (OCoLC)fst00796015
|
| 650 |
|
7 |
|a Collection management (Libraries)
|2 fast
|0 (OCoLC)fst00867188
|
| 650 |
|
7 |
|a Communication in learning and scholarship.
|2 fast
|0 (OCoLC)fst00870164
|
| 650 |
|
7 |
|a Libraries
|x Information technology.
|2 fast
|0 (OCoLC)fst00997410
|
| 650 |
|
7 |
|a Library administration.
|2 fast
|0 (OCoLC)fst00997606
|
| 650 |
|
7 |
|a Library science.
|2 fast
|0 (OCoLC)fst00997916
|
| 650 |
|
7 |
|a Library users.
|2 fast
|0 (OCoLC)fst00998021
|
| 650 |
|
7 |
|a Use-driven acquisitions (Libraries)
|2 fast
|0 (OCoLC)fst01894912
|
| 651 |
|
7 |
|a United States.
|2 fast
|0 (OCoLC)fst01204155
|
| 655 |
|
7 |
|a Electronic books.
|2 local
|
| 655 |
|
7 |
|a Conference papers and proceedings.
|2 fast
|0 (OCoLC)fst01423772
|
| 710 |
2 |
|
|a JSTOR (Organization)
|
| 856 |
4 |
0 |
|u https://www.jstor.org/stable/10.2307/j.ctv15wxr5j
|z Connect to the full text of this electronic book
|t 0
|
| 955 |
|
|
|a JSTOR Open Access ebooks
|
| 994 |
|
|
|a 92
|b TXA
|
| 999 |
f |
f |
|s 270f188b-4bb6-4ed1-ab95-7561e1c29cdd
|i 2dcbbeab-4667-42ee-b9dc-57ab14499cb8
|t 0
|
| 952 |
f |
f |
|a Texas A&M University
|b College Station
|c Electronic Resources
|d Available Online
|t 0
|e Z672
|h Library of Congress classification
|
| 998 |
f |
f |
|a Z672
|t 0
|l Available Online
|